Länder nach Gefängnisinsassenrate - Statistiken

Allgemein
  • Dieses Quiz wurde 186 mal gespielt
  • Das Durchschnittsergebnis liegt bei 5 aus 16
Antwortstatistiken
% Land Gesamt % Korrekt
0.66 Vereinigte Staaten 2,121,600
98%
0.35 Brasilien 746,532
72%
0.59 El Salvador 38,114
41%
0.40 Panama 16,953
39%
0.51 Kuba 57,337
38%
0.37 Costa Rica 19,226
32%
0.36 Belize 1,297
29%
0.53 Thailand 367,993
28%
0.44 Bahamas 1,778
22%
0.39 St. Kitts und Nevis 220
18%
0.43 St. Vincent und die Grenadinen 469
18%
0.43 Grenada 460
14%
0.50 Malediven 1,852
9%
0.55 Turkmenistan 30,452
8%
0.42 Seychellen 409
7%
0.51 Ruanda 65,000
5%
Keine übereinstimmenden Quizze gefunden
Verteilung der Resultate
Anzahl Personen mit jedem Resultat
Perzentil nach korrekt beantworteten Fragen
Ihre Resultats-Entwicklung
Sie haben dieses Quiz noch nicht gespielt